|
|
|
|
| LEADER |
00000nlm0a2200000 4500 |
| 001 |
227684 |
| 005 |
20231101230821.0 |
| 035 |
|
|
|a (RuTPU)RU\TPU\book\248120
|
| 090 |
|
|
|a 227684
|
| 100 |
|
|
|a 20121210d2012 k y0rusy50 ca
|
| 101 |
0 |
|
|a rus
|
| 102 |
|
|
|a RU
|
| 105 |
|
|
|a a dm 000zy
|
| 135 |
|
|
|a drcn ---uucaa
|
| 181 |
|
0 |
|a i
|
| 182 |
|
0 |
|a b
|
| 200 |
1 |
|
|a Критерии технической эффективности для выбора уставок и оценки качества настройки дистанционных защит электрических сетей
|b Электронный ресурс
|e автореферат диссертации на соискание ученой степени кандидата технических наук
|e спец. 05.14.02
|f Чан Хоанг Куанг Минь
|g Национальный исследовательский Томский политехнический университет (ТПУ) ; науч. рук. А. В. Шмойлов
|
| 203 |
|
|
|a Текст
|c электронный
|
| 210 |
|
|
|a Томск
|d 2012
|
| 215 |
|
|
|a 1 файл (488 Kb)
|
| 230 |
|
|
|a Электронные текстовые данные (1 файл : 488 Kb)
|
| 300 |
|
|
|a Заглавие с титульного экрана
|
| 300 |
|
|
|a Электронная версия печатной публикации
|
| 337 |
|
|
|a Adobe Reader
|
| 452 |
|
1 |
|0 (RuTPU)RU\TPU\book\250142
|t Критерии технической эффективности для выбора уставок и оценки качества настройки дистанционных защит электрических сетей
|o автореферат диссертации на соискание ученой степени кандидата технических наук
|o спец. 05.14.02
|f Чан Хоанг Куанг Минь
|g Национальный исследовательский Томский политехнический университет (ТПУ) ; науч. рук. А. В. Шмойлов
|c Томск
|d 2012
|p 22 с.
|
| 606 |
1 |
|
|a Электрические сети
|x Защита
|2 stltpush
|3 (RuTPU)RU\TPU\subj\27401
|9 51161
|
| 610 |
1 |
|
|a электронный ресурс
|
| 610 |
1 |
|
|a авторефераты диссертаций
|
| 610 |
1 |
|
|a труды учёных ТПУ
|
| 610 |
1 |
|
|a релейная защита
|
| 610 |
1 |
|
|a дистанционная защита
|
| 610 |
1 |
|
|a технические характеристики
|
| 610 |
1 |
|
|a техническая эффективность
|
| 610 |
1 |
|
|a потери
|
| 610 |
1 |
|
|a количественное описание
|
| 610 |
1 |
|
|a вероятностные меры
|
| 610 |
1 |
|
|a ступени
|
| 610 |
1 |
|
|a настройка
|
| 610 |
1 |
|
|a расчет
|
| 675 |
|
|
|a 621.316.9(04)
|v 3
|
| 686 |
|
|
|a 05.14.02
|2 oksvnk
|
| 700 |
|
0 |
|a Чан Хоанг Куанг Минь
|
| 702 |
|
1 |
|a Шмойлов
|b А. В.
|c специалист в области электроэнергетики
|c доцент Томского политехнического университета, кандидат технических наук
|f 1939-
|g Анатолий Васильевич
|2 stltpush
|3 (RuTPU)RU\TPU\pers\26025
|4 727
|
| 712 |
0 |
2 |
|a Национальный исследовательский Томский политехнический университет (ТПУ)
|c (2009- )
|2 stltpush
|3 (RuTPU)RU\TPU\col\15902
|
| 801 |
|
2 |
|a RU
|b 63413507
|c 20130201
|g RCR
|
| 856 |
4 |
|
|u http://www.lib.tpu.ru/fulltext/a/2012/78.pdf
|
| 942 |
|
|
|c CF
|